| 000 | 00773nam a22001817a 4500 | ||
|---|---|---|---|
| 999 |
_c17901 _d17901 |
||
| 003 | BDDh-ASL | ||
| 005 | 20231015025644.0 | ||
| 008 | 200915b1980 ||||| |||| 00| 0 d | ||
| 040 |
_aBDDh-ASL _cBDDh-ASL _dBDDh-ASL |
||
| 041 | _abengali | ||
| 082 |
_a২৮৪ _bঅমৃশ্রী |
||
| 100 | 1 |
_9734 _aঅমৃতত্বানন্দ, স্বামী |
|
| 245 | 1 |
_aশ্রীরামকৃষ্ণ চরিত/ _cস্বামী অমৃতত্বানন্দ। |
|
| 260 |
_aদিনাজপুর: _bশ্রীরামকৃষ্ণ আশ্রম, _c১৯৮০। |
||
| 300 |
_a১৪ পৃষ্ঠা: _c১৮ সে. মি.। |
||
| 650 | 0 |
_9735 _aরামকৃষ্ণ _xহিন্দু ধর্ম |
|
| 942 |
_2ddc _cBK |
||